MARC

LEADER 00000nam0a2200000 4500
001 310093
005 20231102002244.0
020 |a RU  |b 81-73759 
035 |a (RuTPU)RU\TPU\book\335434 
090 |a 310093 
100 |a 20151120d1981 km y0rusy5003 ca 
101 0 |a rus 
102 |a UZ 
105 |a a z 001zy 
200 1 |a Щелочной магматизм в оруденение в Южном Тянь-Шане  |f А. К. Каюмов, К. К. Карабаев  |g Ташкентский государственный университет 
210 |a Ташкент  |c Фан  |d 1981 
215 |a 135 с.  |c ил. 
320 |a Библиогр.: с. 131-134 
606 1 |a Магматизм  |2 stltpush  |3 (RuTPU)RU\TPU\subj\40702  |9 60544 
610 1 |a щелочные горные породы 
610 1 |a рудообразование 
610 1 |a Тянь-Шань 
610 1 |a петрографический состав 
610 1 |a минералогия 
610 1 |a геохимия 
610 1 |a рудоносность 
610 1 |a металлогенический комплекс 
610 1 |a прогнозный анализ 
675 |a 552.11  |z rus  |v 3 
700 1 |a Каюмов  |b А. К.  |g Абдухаким Каюмович  |4 070 
701 1 |a Карабаев  |b К. К.  |g Кузи Карабаевич  |4 070 
712 0 2 |a Ташкентский государственный университет  |2 stltpush  |3 (RuTPU)RU\TPU\col\10690  |9 24904 
801 0 |a RU  |b RuMRKP  |c 19950704  |g psbo 
801 1 |a RU  |b 63413507  |c 20151120 
801 2 |a RU  |b 63413507  |c 20190924  |g RCR 
942 |c BK